000 00664nam a22002177a 4500
999 _c159999
_d159999
005 20190112142940.0
006 a|||||f|||| 00| 0
007 tc
008 180720b xxu||||| |||| 00| 0 eng d
010 _aB-089854-B-089855
020 _c16.00
035 _aB-089854
037 _bA.I.C.B.
082 _aS
245 _aFour Stories from Shakespeare
260 _aNew Delhi
_bA.C.I.B.
_cN.D.
270 _aSector-5, Rohini,
_bNew Delhi
_e110085
300 _avarious pages.
_c30cm(HB).
942 _2ddc
_cBRLEN
_hS
_mFOU